Religion and democracy (Record no. 394738)

000 -LEADER
fixed length control field 00472cam a22001577a 4500
008 - FIXED-LENGTH DATA ELEMENTS--GENERAL INFORMATION
fixed length control field 180718b2000 xxu||||| |||| 00| 0 eng d
020 ## - INTERNATIONAL STANDARD BOOK NUMBER
International Standard Book Number 0631221840
082 ## - DEWEY DECIMAL CLASSIFICATION NUMBER
Classification number B1243x54 M348
245 ## - TITLE STATEMENT
Title Religion and democracy
Statement of responsibility, etc. edited by David Marquand and Ronald L. Nettler
260 ## - PUBLICATION, DISTRIBUTION, ETC.
Place of publication, distribution, etc. Oxford
Name of publisher, distributor, etc. Oxford Univ. Press
Date of publication, distribution, etc. 2000
300 ## - PHYSICAL DESCRIPTION
Extent 145p.
650 ## - SUBJECT ADDED ENTRY--TOPICAL TERM
Topical term or geographic name entry element Democracy - Religious aspects
650 ## - SUBJECT ADDED ENTRY--TOPICAL TERM
Topical term or geographic name entry element Secularism - India
700 ## - ADDED ENTRY--PERSONAL NAME
Personal name Nettler, Ronald L.
700 ## - ADDED ENTRY--PERSONAL NAME
Personal name Marquand, David
Holdings
Withdrawn status Lost status Damaged status Not for loan Permanent Location Current Location Date acquired Full call number Barcode Date last seen Price effective from Koha item type
        Indian Institute of Public Administration Indian Institute of Public Administration 2000-10-12 B1243x54 M348 75865 2018-07-21 2018-07-21 Book

Powered by Koha